000
00266nam a2200109Ia 4500
005
20251222144816.0
008
251222s9999||||xx |||||||||||||| ||spa||
082
_a
361.985/P85
245
0
_a
Proyecto Nacional:
264
_b
Presidencia de la República
942
_c
LIB
999
_c
20314
_d
20314